Actes du colloque international

Saved in:
書目詳細資料
企業作者: Universitè 2
格式: 圖書
語言:英语
標簽: 添加標簽
沒有標簽, 成為第一個標記此記錄!

MARC

LEADER 00000nam a2200000 4500
005 20240731182742.0
008 240731b |||||||| |||| 00| 0 eng d
040 |c GP 
110 |a Universitè 2 
245 |a Actes du colloque international 
942 |2 ddc  |c BK  |n 0 
952 |0 0  |1 0  |2 ddc  |4 0  |6 843_000000000000000_UNI  |7 1  |9 1732  |a RM  |b RM  |d 2024-07-31  |l 0  |o 843 UNI  |p 515  |r 2024-07-31 18:27:58  |w 2024-07-31  |y BK 
999 |c 1548  |d 1548